000 00689nam a2200265 a 4500
003 AR-BaBNM
005 20251128210453.0
008 082120s2002 ||||||||||||||000 | spa||
020 _a950-02-8377-8
040 _cAR-BaBNM
100 1 _aGranata, María
245 0 0 _aMambrú se fue a la guerra
250 _a2ª ed.
260 _aBuenos Aires
_bEl Ateneo
_c1990
300 _a25 p.
_bil.
490 0 _aInfantil-juvenil
_vv. 2
650 4 _aLITERATURA INFANTIL
650 4 _aLIBROS PARA NIÑOS
650 4 _aCUENTOS DE AVENTURAS
655 _aLITERATURA
700 1 _aLiotta, José
_eilustrador
800 1 _aPerriconi, Graciela
_edirector
942 _cBK
998 _cMARTIN
999 _c15567
_d15567